| 000 | 00495nam a22001937a 4500 | ||
|---|---|---|---|
| 003 | CEME | ||
| 005 | 20210628202916.0 | ||
| 008 | 210211b xxu||||| |||| 00| 0 eng d | ||
| 020 | _a0-7506-5013-3 | ||
| 040 | _c. | ||
| 082 | _a621.3692 ELL | ||
| 100 |
_aElliott, Barry Gilmore, Mike _962255 |
||
| 245 | _aFiber optic cabling | ||
| 250 | _a2ND | ||
| 260 |
_aNEW DELHI _bNEWNESS _c2002 |
||
| 300 | _aIX,318P | ||
| 650 |
_aCABLING-FIBER OPTIC; FIBER OPTIC SYSTEMS _962256 |
||
| 942 |
_cBK _2ddc |
||
| 999 |
_c571420 _d571420 |
||